La evaluación psicopedagógica /

Obra colectiva acerca de la prácitca de la evaluación al alumno. Los autores afirman que la evaluación es útil para asesorar al estudiantae y se asesora como una manera básica para intervenir en el desarrollo del alumno, del centro escolar y del sistema educativo en general. Ofrece como manual que e...

תיאור מלא

שמור ב:
מידע ביבליוגרפי
מחבר ראשי: Sánchez Cano, Manuel (coord.)
מחברים אחרים: Bonals, Joan (coordinación) (coordinación)
פורמט: ספר
שפה:ספרדית
יצא לאור: Barcelona, España : Graó, 2005, c2005
סדרה:(Formación y Desarrollo Profesional del Profesorado ; 208)
נושאים:
תגים: הוספת תג
אין תגיות, היה/י הראשונ/ה לתייג את הרשומה!

MARC

LEADER 00000nam^a2200000^a^4500
001 000178602
005 20250521000000.0
009 20260310101756.108
020 |a 84-7827-366-2 
037 |a Acervo ITESO - Biblioteca 
041 |a ESP 
082 |a 371. 26  |b SAN 
100 |a Sánchez Cano, Manuel  |e (coord.) 
245 1 3 |a La evaluación psicopedagógica /  |c Coord. de M. Sánchez Cano, J. Bonals. 
264 4 |a Barcelona, España :  |b Graó,  |c 2005, c2005 
300 |a 456 p. 
336 |a texto  |b txt  |2 rdacontenido 
337 |a sin mediación  |b n  |2 rdamedio 
338 |a volumen  |b nc  |2 rdasoporte 
440 1 |a (Formación y Desarrollo Profesional del Profesorado ;  |v 208) 
520 |a Obra colectiva acerca de la prácitca de la evaluación al alumno. Los autores afirman que la evaluación es útil para asesorar al estudiantae y se asesora como una manera básica para intervenir en el desarrollo del alumno, del centro escolar y del sistema educativo en general. Ofrece como manual que es, diversas situaciones específicas de evaluación tanto conceptualemente como prácticas y resalta diversas caractarísticas de la evaluación de acuerdo a las necesidades educativas que se presenten. 
649 |a XX 
650 |a Alumnos -  |x Condiciones Psicológicas 
650 |a Alumnos -  |x Condiciones Sociales y Culturales 
650 |a Discapacitados -  |x Condiciones Psicológicas 
650 |a Discapacitados -  |x Condiciones Sociales y Culturales 
650 |a Adolescentes -  |x Condiciones Psicológicas 
650 |a Adolescentes -  |x Condiciones Sociales y Culturales 
650 |a Problemas de Aprendizaje 
650 |a Competencia Comunicativa 
650 |a Competencia Lingüística 
650 |a Competencias (Educación) 
650 |a Desempeño Académico 
650 |a Relaciones Familiares 
650 |a Relaciones Maestro-Alumno 
650 |a Orientación Escolar 
650 |a Evaluación del Alumno 
650 |a Evaluación Educativa -  |x Teoría 
650 |a Entrevista 
650 |a Lenguaje y Educación 
650 |a Psicología Educativa 
650 |a Educación Especial 
650 |a Educación Formal 
650 |a Educación 
700 |a Bonals, Joan  |e (coordinación) 
910 |a Fondo General 
920 |a Impresos - Libros 
930 |a Colección General 
905 |a 101 
901 |a 0500117817  |b IT1  |c ACC  |u 20250521 
902 |a https://opac.biblio.iteso.mx/vufind/Record/000178602